2023/24 Premier League first XI - Statistics

General Stats
  • This quiz has been taken 9 times
  • The average score is 131 of 220
Answer Stats
Answer % Correct
Aaron Ramsdale
100%
Bukayo Saka
100%
Gabriel Martinelli
100%
José Sá
100%
William Saliba
100%
Alejandro Garnacho
89%
Alexis Mac Allister
89%
Alisson
89%
Alphonse Areola
89%
Amadou Onana
89%
André Onana
89%
Andy Robertson
89%
Bernardo Silva
89%
Bruno Fernandes
89%
Bryan Mbeumo
89%
Casemiro
89%
Connor Roberts
89%
Cristian Romero
89%
Declan Rice
89%
Dejan Kulusevski
89%
Diogo Jota
89%
Dominik Szoboszlai
89%
Ederson
89%
Emerson
89%
Emerson Royal
89%
Emiliano Martínez
89%
Enzo Fernández
89%
Erling Haaland
89%
Ezri Konsa
89%
Guglielmo Vicario
89%
Heung-min Son
89%
Ibrahima Konaté
89%
James Maddison
89%
John McGinn
89%
Julián Alvarez
89%
Kevin De Bruyne
89%
Kyle Walker
89%
Lisandro Martínez
89%
Lucas Digne
89%
Luis Díaz
89%
Manuel Akanji
89%
Marcus Rashford
89%
Martin Ødegaard
89%
Matty Cash
89%
Micky van de Ven
89%
Mohamed Salah
89%
Moussa Diaby
89%
Nathan Aké
89%
Neto
89%
Nicolas Jackson
89%
Ollie Watkins
89%
Pedro Neto
89%
Phil Foden
89%
Raheem Sterling
89%
Raphaël Varane
89%
Richarlison
89%
Robert Sánchez
89%
Rodri
89%
Thiago Silva
89%
Tomáš Souček
89%
Trent Alexander-Arnold
89%
Virgil van Dijk
89%
Aaron Wan-Bissaka
78%
Ben White
78%
Bernd Leno
78%
Boubacar Kamara
78%
Destiny Udogie
78%
Dominic Solanke
78%
Fabian Schär
78%
Harry Wilson
78%
Jordan Pickford
78%
Jurriën Timber
78%
Kai Havertz
78%
Leon Bailey
78%
Lucas Paquetá
78%
Luke Shaw
78%
Marc Guéhi
78%
Mark Flekken
78%
Michail Antonio
78%
Morgan Gibbs-White
78%
Thomas Partey
78%
Tyrone Mings
78%
Vladimír Coufal
78%
Yoane Wissa
78%
Yves Bissouma
78%
Alexander Isak
67%
Antonee Robinson
67%
Axel Disasi
67%
Ben Chilwell
67%
Bruno Guimarães
67%
Christian Nørgaard
67%
Cody Gakpo
67%
Douglas Luiz
67%
Harrison Reed
67%
Idrissa Gueye
67%
Jack Robinson
67%
James Trafford
67%
Jarrod Bowen
67%
Joachim Andersen
67%
Joelinton
67%
Jordan Ayew
67%
Kaoru Mitoma
67%
Kenny Tete
67%
Kieran Trippier
67%
Mads Andersen
67%
Mathias Jensen
67%
Miguel Almirón
67%
Milos Kerkez
67%
Nayef Aguerd
67%
Nick Pope
67%
Pervis Estupiñán
67%
Raúl Jiménez
67%
Reece James
67%
Rico Lewis
67%
Saïd Benrahma
67%
Sam Johnstone
67%
Sandro Tonali
67%
Sven Botman
67%
Abdoulaye Doucouré
56%
Anthony Gordon
56%
Brennan Johnson
56%
Cheick Doucouré
56%
Conor Gallagher
56%
David Brooks
56%
Eberechi Eze
56%
Issa Diop
56%
James Tarkowski
56%
Levi Colwill
56%
Marcos Senesi
56%
Mario Lemina
56%
Mason Mount
56%
Neal Maupay
56%
Pablo Fornals
56%
Rayan Aït-Nouri
56%
Ryan Christie
56%
Willy Boly
56%
Aaron Hickey
44%
Alex Iwobi
44%
Antony
44%
Carney Chukwuemeka
44%
Dan Burn
44%
Eddie Nketiah
44%
Ethan Pinnock
44%
Illia Zabarnyi
44%
Jefferson Lerma
44%
João Gomes
44%
Joel Ward
44%
Kurt Zouma
44%
Lewis Dunk
44%
Lyle Foster
44%
Matt Turner
44%
Michael Keane
44%
Nathan Patterson
44%
Nélson Semedo
44%
Odsonne Édouard
44%
Ola Aina
44%
Pascal Groß
44%
Sander Berge
44%
Thomas Kaminski
44%
Vitaly Janelt
44%
Willian
44%
Carlton Morris
33%
Danny Welbeck
33%
Elijah Adebayo
33%
James Garner
33%
Jan van Hecke
33%
Joe Worrall
33%
John Egan
33%
Jordan Beyer
33%
Josh Cullen
33%
Kristoffer Ajer
33%
Marvelous Nakamba
33%
Matheus Cunha
33%
Max Kilman
33%
Nathan Collins
33%
Oliver Skipp
33%
Philip Billing
33%
Rico Henry
33%
Ryan Yates
33%
Saša Lukić
33%
Scott McKenna
33%
Solly March
33%
Tim Ream
33%
Tom Cairney
33%
Tyrick Mitchell
33%
Zeki Amdouni
33%
Ameen Al Dakhil
22%
Anel Ahmedhodžić
22%
Ashley Young
22%
Dara O'Shea
22%
George Baldock
22%
Issa Kaboré
22%
Jaidon Anthony
22%
Jason Steele
22%
João Pedro
22%
Matheus Nunes
22%
Max Aarons
22%
Oliver Norwood
22%
Orel Mangala
22%
Pablo Sarabia
22%
Serge Aurier
22%
Vitinho
22%
Wes Foderingham
22%
Amari'i Bell
11%
Bénie Traoré
11%
Ben Osborn
11%
Chris Basham
11%
Craig Dawson
11%
Danilo
11%
James Milner
11%
Jeffrey Schlupp
11%
Joe Rothwell
11%
Luca Koleosho
11%
Mahmoud Dahoud
11%
Max Lowe
11%
Pelly Mpanzu
11%
Ryan Giles
11%
Tahith Chong
11%
Tom Lockyer
11%
William Osula
11%
No matching quizzes found
Score Distribution
Percent of People with Each Score
Percentile by Number Answered
Your Score History
You have not taken this quiz